<?xml version="1.0" encoding="UTF-8"?>
<record
    xmlns:xsi="http://www.w3.org/2001/XMLSchema-instance"
    xsi:schemaLocation="http://www.loc.gov/MARC21/slim http://www.loc.gov/standards/marcxml/schema/MARC21slim.xsd"
    xmlns="http://www.loc.gov/MARC21/slim">

  <leader>06599nam a22006017a 4500</leader>
  <controlfield tag="005">20090102122541.0</controlfield>
  <datafield tag="010" ind1=" " ind2=" ">
    <subfield code="a"> B-349702-721       B-435598-602</subfield>
  </datafield>
  <datafield tag="020" ind1=" " ind2=" ">
    <subfield code="c">25.00</subfield>
    <subfield code="a">9788182639393</subfield>
  </datafield>
  <datafield tag="035" ind1=" " ind2=" ">
    <subfield code="a"> B-349702-721</subfield>
  </datafield>
  <datafield tag="035" ind1=" " ind2=" ">
    <subfield code="a">B-435598-602</subfield>
  </datafield>
  <datafield tag="037" ind1=" " ind2=" ">
    <subfield code="b">&#x92A;&#x94D;&#x930;&#x925;&#x92E; &#x92C;&#x941;&#x915;&#x94D;&#x938;</subfield>
  </datafield>
  <datafield tag="037" ind1=" " ind2=" ">
    <subfield code="b">&#x92C;&#x94D;&#x932;&#x92F;&#x942;&#x92C;&#x947;&#x930;&#x940; &#x92C;&#x941;&#x915;&#x94D;&#x938;</subfield>
  </datafield>
  <datafield tag="082" ind1=" " ind2=" ">
    <subfield code="a"> &#x915;</subfield>
  </datafield>
  <datafield tag="100" ind1=" " ind2=" ">
    <subfield code="a">&#x92A;&#x926;&#x94D;&#x92E;&#x928;&#x93E;&#x92D;&#x928;,&#x938;&#x941;&#x91C;&#x93E;&#x924;&#x93E;</subfield>
    <subfield code="9">32424</subfield>
  </datafield>
  <datafield tag="245" ind1=" " ind2=" ">
    <subfield code="a">&#x91A;&#x941;&#x938;&#x94D;&#x915;&#x93F;&#x924; &#x938;&#x94D;&#x915;&#x942;&#x932; &#x91A;&#x932;&#x940; /</subfield>
    <subfield code="c">&#x938;&#x941;&#x91C;&#x93E;&#x924;&#x93E; &#x92A;&#x926;&#x94D;&#x92E;&#x928;&#x93E;&#x92D;&#x928; ; &#x92E;&#x927;&#x941;&#x935;&#x928;&#x94D;&#x924;&#x940; &#x905;&#x928;&#x928;&#x94D;&#x924;&#x930;&#x93E;&#x91C;&#x928; &#x926;&#x94D;&#x935;&#x93E;&#x930;&#x93E; &#x91A;&#x93F;&#x924;&#x94D;&#x930;&#x93E;&#x902;&#x915;&#x928;; &#x92E;&#x928;&#x940;&#x937;&#x93E; &#x91A;&#x94C;&#x927;&#x930;&#x940; &#x926;&#x94D;&#x935;&#x93E;&#x930;&#x93E; &#x905;&#x928;&#x941;&#x926;&#x93F;&#x924;</subfield>
  </datafield>
  <datafield tag="246" ind1=" " ind2=" ">
    <subfield code="a"> Chuskit school chali</subfield>
    <subfield code="b"> by Sujata Padmanabhan</subfield>
  </datafield>
  <datafield tag="260" ind1=" " ind2=" ">
    <subfield code="a">&#x928;&#x908;  &#x926;&#x93F;&#x932;&#x94D;&#x932;&#x940; </subfield>
    <subfield code="b">&#x92A;&#x94D;&#x930;&#x925;&#x92E; &#x92C;&#x941;&#x915;&#x94D;&#x938;</subfield>
    <subfield code="c">2007</subfield>
  </datafield>
  <datafield tag="270" ind1=" " ind2=" ">
    <subfield code="b">&#x928;&#x908; &#x926;&#x93F;&#x932;&#x94D;&#x932;&#x940;</subfield>
    <subfield code="k">011-65684113</subfield>
    <subfield code="l"> </subfield>
    <subfield code="m">www.prathambooks.org</subfield>
  </datafield>
  <datafield tag="300" ind1=" " ind2=" ">
    <subfield code="a">&#x905;.&#x92A;&#x943;.;</subfield>
    <subfield code="c">23&#x938;&#x947;&#x92E;&#x940; (&#x905;&#x91C;&#x93F;&#x932;&#x94D;&#x926;)</subfield>
    <subfield code="b">&#x938;&#x91A;&#x93F;&#x924;&#x94D;&#x930; </subfield>
  </datafield>
  <datafield tag="490" ind1=" " ind2=" ">
    <subfield code="a"> </subfield>
    <subfield code="9">32425</subfield>
  </datafield>
  <datafield tag="500" ind1=" " ind2=" ">
    <subfield code="a"> </subfield>
  </datafield>
  <datafield tag="700" ind1=" " ind2=" ">
    <subfield code="a">&#x92E;&#x927;&#x941;&#x935;&#x928;&#x94D;&#x924;&#x940; &#x905;&#x928;&#x928;&#x94D;&#x924;&#x930;&#x93E;&#x91C;&#x928;</subfield>
    <subfield code="9">32263</subfield>
  </datafield>
  <datafield tag="700" ind1=" " ind2=" ">
    <subfield code="a">&#x91A;&#x94C;&#x927;&#x930;&#x940;, &#x92E;&#x928;&#x940;&#x937;&#x93E; </subfield>
    <subfield code="9">32264</subfield>
  </datafield>
  <datafield tag="710" ind1=" " ind2=" ">
    <subfield code="a">&#x91C;&#x94B;&#x936;&#x940;, &#x92E;&#x927;&#x941;&#x92C;&#x93E;&#x932;&#x93E;</subfield>
    <subfield code="9">32265</subfield>
  </datafield>
  <datafield tag="942" ind1=" " ind2=" ">
    <subfield code="2">ddc</subfield>
    <subfield code="c">CH</subfield>
    <subfield code="m">&#x92A;&#x926;&#x94D;&#x92E;&#x928;&#x93E;</subfield>
    <subfield code="h">  &#x915;</subfield>
  </datafield>
  <datafield tag="999" ind1=" " ind2=" ">
    <subfield code="c">21895</subfield>
    <subfield code="d">21895</subfield>
  </datafield>
  <datafield tag="952" ind1=" " ind2=" ">
    <subfield code="0">0</subfield>
    <subfield code="1">0</subfield>
    <subfield code="2">ddc</subfield>
    <subfield code="4">0</subfield>
    <subfield code="7">0</subfield>
    <subfield code="8">FIC</subfield>
    <subfield code="a">L</subfield>
    <subfield code="b">L</subfield>
    <subfield code="d">2010-01-05</subfield>
    <subfield code="e">079/6.7.09/8/23.4.09/29.7.09</subfield>
    <subfield code="g">25.00</subfield>
    <subfield code="l">0</subfield>
    <subfield code="o">&#x915; &#x92A;&#x926;&#x94D;&#x92E;&#x928;&#x93E;</subfield>
    <subfield code="p">B-349702</subfield>
    <subfield code="r">2010-01-05 00:00:00</subfield>
    <subfield code="t">1</subfield>
    <subfield code="v">25.00</subfield>
    <subfield code="w">2010-01-05</subfield>
    <subfield code="y">CH</subfield>
  </datafield>
  <datafield tag="952" ind1=" " ind2=" ">
    <subfield code="0">0</subfield>
    <subfield code="1">5</subfield>
    <subfield code="4">0</subfield>
    <subfield code="7">0</subfield>
    <subfield code="8">FIC</subfield>
    <subfield code="a">BL1</subfield>
    <subfield code="b">BL1</subfield>
    <subfield code="d">2010-01-05</subfield>
    <subfield code="e">079/6.7.09/8/23.4.09/29.7.09</subfield>
    <subfield code="g">25.00</subfield>
    <subfield code="l">0</subfield>
    <subfield code="o">&#x915; &#x92A;&#x926;&#x94D;&#x92E;&#x928;&#x93E;</subfield>
    <subfield code="p">B-349703</subfield>
    <subfield code="r">2010-01-05 00:00:00</subfield>
    <subfield code="t">1</subfield>
    <subfield code="v">25.00</subfield>
    <subfield code="y">CH</subfield>
  </datafield>
  <datafield tag="952" ind1=" " ind2=" ">
    <subfield code="0">0</subfield>
    <subfield code="1">0</subfield>
    <subfield code="2">ddc</subfield>
    <subfield code="4">0</subfield>
    <subfield code="7">0</subfield>
    <subfield code="8">FIC</subfield>
    <subfield code="a">KGM</subfield>
    <subfield code="b">KGM</subfield>
    <subfield code="d">2010-01-05</subfield>
    <subfield code="e">079/6.7.09/8/23.4.09/29.7.09</subfield>
    <subfield code="g">25.00</subfield>
    <subfield code="l">0</subfield>
    <subfield code="o">&#x915; &#x92A;&#x926;&#x94D;&#x92E;&#x928;&#x93E;</subfield>
    <subfield code="p">B-349704</subfield>
    <subfield code="r">2010-01-05 00:00:00</subfield>
    <subfield code="t">1</subfield>
    <subfield code="v">25.00</subfield>
    <subfield code="w">2010-01-05</subfield>
    <subfield code="y">CH</subfield>
  </datafield>
  <datafield tag="952" ind1=" " ind2=" ">
    <subfield code="0">0</subfield>
    <subfield code="1">0</subfield>
    <subfield code="2">ddc</subfield>
    <subfield code="4">0</subfield>
    <subfield code="7">0</subfield>
    <subfield code="8">FIC</subfield>
    <subfield code="a">PR</subfield>
    <subfield code="b">PR</subfield>
    <subfield code="d">2010-01-05</subfield>
    <subfield code="e">079/6.7.09/8/23.4.09/29.7.09</subfield>
    <subfield code="g">25.00</subfield>
    <subfield code="l">0</subfield>
    <subfield code="o">&#x915; &#x92A;&#x926;&#x94D;&#x92E;&#x928;&#x93E;</subfield>
    <subfield code="p">B-349705</subfield>
    <subfield code="r">2010-01-05 00:00:00</subfield>
    <subfield code="t">1</subfield>
    <subfield code="v">25.00</subfield>
    <subfield code="w">2010-01-05</subfield>
    <subfield code="y">CH</subfield>
  </datafield>
  <datafield tag="952" ind1=" " ind2=" ">
    <subfield code="0">4</subfield>
    <subfield code="1">0</subfield>
    <subfield code="4">0</subfield>
    <subfield code="7">0</subfield>
    <subfield code="8">FIC</subfield>
    <subfield code="a">TN</subfield>
    <subfield code="b">TN</subfield>
    <subfield code="d">2010-01-05</subfield>
    <subfield code="e">079/6.7.09/8/23.4.09/29.7.09</subfield>
    <subfield code="g">25.00</subfield>
    <subfield code="l">0</subfield>
    <subfield code="o">&#x915; &#x92A;&#x926;&#x94D;&#x92E;&#x928;&#x93E;</subfield>
    <subfield code="p">B-349706</subfield>
    <subfield code="r">2010-01-05 00:00:00</subfield>
    <subfield code="t">1</subfield>
    <subfield code="v">25.00</subfield>
    <subfield code="y">CH</subfield>
  </datafield>
  <datafield tag="952" ind1=" " ind2=" ">
    <subfield code="0">0</subfield>
    <subfield code="1">0</subfield>
    <subfield code="2">ddc</subfield>
    <subfield code="4">0</subfield>
    <subfield code="7">0</subfield>
    <subfield code="8">FIC</subfield>
    <subfield code="a">CJ</subfield>
    <subfield code="b">CJ</subfield>
    <subfield code="d">2010-01-05</subfield>
    <subfield code="e">079/6.7.09/8/23.4.09/29.7.09</subfield>
    <subfield code="g">25.00</subfield>
    <subfield code="l">0</subfield>
    <subfield code="o">&#x915; &#x92A;&#x926;&#x94D;&#x92E;&#x928;&#x93E;</subfield>
    <subfield code="p">B-349707</subfield>
    <subfield code="r">2010-01-05 00:00:00</subfield>
    <subfield code="t">1</subfield>
    <subfield code="v">25.00</subfield>
    <subfield code="w">2010-01-05</subfield>
    <subfield code="y">CH</subfield>
  </datafield>
  <datafield tag="952" ind1=" " ind2=" ">
    <subfield code="0">0</subfield>
    <subfield code="1">0</subfield>
    <subfield code="2">ddc</subfield>
    <subfield code="4">0</subfield>
    <subfield code="7">0</subfield>
    <subfield code="8">FIC</subfield>
    <subfield code="a">DIZ</subfield>
    <subfield code="b">DIZ</subfield>
    <subfield code="d">2010-01-05</subfield>
    <subfield code="e">079/6.7.09/8/23.4.09/29.7.09</subfield>
    <subfield code="g">25.00</subfield>
    <subfield code="l">1</subfield>
    <subfield code="o">&#x915; &#x92A;&#x926;&#x94D;&#x92E;&#x928;&#x93E;</subfield>
    <subfield code="p">B-349708</subfield>
    <subfield code="r">2023-02-18 00:00:00</subfield>
    <subfield code="s">2023-02-03</subfield>
    <subfield code="t">1</subfield>
    <subfield code="v">25.00</subfield>
    <subfield code="w">2010-01-05</subfield>
    <subfield code="y">CH</subfield>
  </datafield>
  <datafield tag="952" ind1=" " ind2=" ">
    <subfield code="0">0</subfield>
    <subfield code="1">0</subfield>
    <subfield code="2">ddc</subfield>
    <subfield code="4">0</subfield>
    <subfield code="7">0</subfield>
    <subfield code="8">FIC</subfield>
    <subfield code="a">NRN</subfield>
    <subfield code="b">NRN</subfield>
    <subfield code="d">2010-01-05</subfield>
    <subfield code="e">079/6.7.09/8/23.4.09/29.7.09</subfield>
    <subfield code="g">25.00</subfield>
    <subfield code="l">0</subfield>
    <subfield code="o">&#x915; &#x92A;&#x926;&#x94D;&#x92E;&#x928;&#x93E;</subfield>
    <subfield code="p">B-349709</subfield>
    <subfield code="r">2010-01-05 00:00:00</subfield>
    <subfield code="t">1</subfield>
    <subfield code="v">25.00</subfield>
    <subfield code="w">2010-01-05</subfield>
    <subfield code="y">CH</subfield>
  </datafield>
  <datafield tag="952" ind1=" " ind2=" ">
    <subfield code="0">0</subfield>
    <subfield code="1">0</subfield>
    <subfield code="2">ddc</subfield>
    <subfield code="4">0</subfield>
    <subfield code="7">0</subfield>
    <subfield code="8">FIC</subfield>
    <subfield code="a">ZLS</subfield>
    <subfield code="b">ZLS</subfield>
    <subfield code="d">2010-01-05</subfield>
    <subfield code="e">079/6.7.09/8/23.4.09/29.7.09</subfield>
    <subfield code="g">25.00</subfield>
    <subfield code="l">2</subfield>
    <subfield code="o">&#x915; &#x92A;&#x926;&#x94D;&#x92E;&#x928;&#x93E;</subfield>
    <subfield code="p">B-349710</subfield>
    <subfield code="r">2019-09-26 00:00:00</subfield>
    <subfield code="s">2019-09-25</subfield>
    <subfield code="t">1</subfield>
    <subfield code="v">25.00</subfield>
    <subfield code="w">2010-01-05</subfield>
    <subfield code="y">CH</subfield>
  </datafield>
  <datafield tag="952" ind1=" " ind2=" ">
    <subfield code="0">0</subfield>
    <subfield code="1">5</subfield>
    <subfield code="4">0</subfield>
    <subfield code="7">0</subfield>
    <subfield code="8">FIC</subfield>
    <subfield code="a">BL3</subfield>
    <subfield code="b">BL3</subfield>
    <subfield code="d">2010-01-05</subfield>
    <subfield code="e">079/6.7.09/8/23.4.09/29.7.09</subfield>
    <subfield code="g">25.00</subfield>
    <subfield code="l">0</subfield>
    <subfield code="o">&#x915; &#x92A;&#x926;&#x94D;&#x92E;&#x928;&#x93E;</subfield>
    <subfield code="p">B-349711</subfield>
    <subfield code="r">2010-01-05 00:00:00</subfield>
    <subfield code="t">1</subfield>
    <subfield code="v">25.00</subfield>
    <subfield code="y">CH</subfield>
  </datafield>
  <datafield tag="952" ind1=" " ind2=" ">
    <subfield code="0">0</subfield>
    <subfield code="1">0</subfield>
    <subfield code="2">ddc</subfield>
    <subfield code="4">0</subfield>
    <subfield code="7">0</subfield>
    <subfield code="8">FIC</subfield>
    <subfield code="a">NRR</subfield>
    <subfield code="b">NRR</subfield>
    <subfield code="d">2010-01-05</subfield>
    <subfield code="e">079/6.7.09/8/23.4.09/29.7.09</subfield>
    <subfield code="g">25.00</subfield>
    <subfield code="l">0</subfield>
    <subfield code="o">&#x915; &#x92A;&#x926;&#x94D;&#x92E;&#x928;&#x93E;</subfield>
    <subfield code="p">B-349712</subfield>
    <subfield code="r">2010-01-05 00:00:00</subfield>
    <subfield code="t">1</subfield>
    <subfield code="v">25.00</subfield>
    <subfield code="w">2010-01-05</subfield>
    <subfield code="y">CH</subfield>
  </datafield>
  <datafield tag="952" ind1=" " ind2=" ">
    <subfield code="0">0</subfield>
    <subfield code="1">0</subfield>
    <subfield code="2">ddc</subfield>
    <subfield code="4">0</subfield>
    <subfield code="7">0</subfield>
    <subfield code="8">FIC</subfield>
    <subfield code="a">BKK</subfield>
    <subfield code="b">BKK</subfield>
    <subfield code="d">2010-01-05</subfield>
    <subfield code="e">079/6.7.09/8/23.4.09/29.7.09</subfield>
    <subfield code="g">25.00</subfield>
    <subfield code="l">0</subfield>
    <subfield code="o">&#x915; &#x92A;&#x926;&#x94D;&#x92E;&#x928;&#x93E;</subfield>
    <subfield code="p">B-349713</subfield>
    <subfield code="r">2010-01-05 00:00:00</subfield>
    <subfield code="t">1</subfield>
    <subfield code="v">25.00</subfield>
    <subfield code="w">2010-01-05</subfield>
    <subfield code="y">CH</subfield>
  </datafield>
  <datafield tag="952" ind1=" " ind2=" ">
    <subfield code="0">0</subfield>
    <subfield code="1">5</subfield>
    <subfield code="4">0</subfield>
    <subfield code="7">0</subfield>
    <subfield code="8">FIC</subfield>
    <subfield code="a">NR</subfield>
    <subfield code="b">NR</subfield>
    <subfield code="d">2010-01-05</subfield>
    <subfield code="e">079/6.7.09/8/23.4.09/29.7.09</subfield>
    <subfield code="g">25.00</subfield>
    <subfield code="l">0</subfield>
    <subfield code="o">&#x915; &#x92A;&#x926;&#x94D;&#x92E;&#x928;&#x93E;</subfield>
    <subfield code="p">B-349714</subfield>
    <subfield code="r">2010-01-05 00:00:00</subfield>
    <subfield code="t">1</subfield>
    <subfield code="v">25.00</subfield>
    <subfield code="y">CH</subfield>
  </datafield>
  <datafield tag="952" ind1=" " ind2=" ">
    <subfield code="0">0</subfield>
    <subfield code="1">5</subfield>
    <subfield code="4">0</subfield>
    <subfield code="7">0</subfield>
    <subfield code="8">FIC</subfield>
    <subfield code="a">BN</subfield>
    <subfield code="b">BN</subfield>
    <subfield code="d">2010-01-05</subfield>
    <subfield code="e">079/6.7.09/8/23.4.09/29.7.09</subfield>
    <subfield code="g">25.00</subfield>
    <subfield code="l">0</subfield>
    <subfield code="o">&#x915; &#x92A;&#x926;&#x94D;&#x92E;&#x928;&#x93E;</subfield>
    <subfield code="p">B-349715</subfield>
    <subfield code="r">2010-01-05 00:00:00</subfield>
    <subfield code="t">1</subfield>
    <subfield code="v">25.00</subfield>
    <subfield code="y">CH</subfield>
  </datafield>
  <datafield tag="952" ind1=" " ind2=" ">
    <subfield code="0">0</subfield>
    <subfield code="1">0</subfield>
    <subfield code="2">ddc</subfield>
    <subfield code="4">0</subfield>
    <subfield code="7">0</subfield>
    <subfield code="8">FIC</subfield>
    <subfield code="a">KV</subfield>
    <subfield code="b">KV</subfield>
    <subfield code="d">2010-01-05</subfield>
    <subfield code="e">079/6.7.09/8/23.4.09/29.7.09</subfield>
    <subfield code="g">25.00</subfield>
    <subfield code="l">0</subfield>
    <subfield code="o">&#x915; &#x92A;&#x926;&#x94D;&#x92E;&#x928;&#x93E;</subfield>
    <subfield code="p">B-349716</subfield>
    <subfield code="r">2010-01-05 00:00:00</subfield>
    <subfield code="t">1</subfield>
    <subfield code="v">25.00</subfield>
    <subfield code="w">2010-01-05</subfield>
    <subfield code="y">CH</subfield>
  </datafield>
  <datafield tag="952" ind1=" " ind2=" ">
    <subfield code="0">0</subfield>
    <subfield code="1">0</subfield>
    <subfield code="2">ddc</subfield>
    <subfield code="4">0</subfield>
    <subfield code="7">0</subfield>
    <subfield code="8">FIC</subfield>
    <subfield code="a">MV</subfield>
    <subfield code="b">MV</subfield>
    <subfield code="d">2010-01-05</subfield>
    <subfield code="e">079/6.7.09/8/23.4.09/29.7.09</subfield>
    <subfield code="g">25.00</subfield>
    <subfield code="l">0</subfield>
    <subfield code="o">&#x915; &#x92A;&#x926;&#x94D;&#x92E;&#x928;&#x93E;</subfield>
    <subfield code="p">B-349717</subfield>
    <subfield code="r">2010-01-05 00:00:00</subfield>
    <subfield code="t">1</subfield>
    <subfield code="v">25.00</subfield>
    <subfield code="w">2010-01-05</subfield>
    <subfield code="y">CH</subfield>
  </datafield>
  <datafield tag="952" ind1=" " ind2=" ">
    <subfield code="0">0</subfield>
    <subfield code="1">5</subfield>
    <subfield code="4">0</subfield>
    <subfield code="7">0</subfield>
    <subfield code="8">FIC</subfield>
    <subfield code="a">MP</subfield>
    <subfield code="b">MP</subfield>
    <subfield code="d">2010-01-05</subfield>
    <subfield code="e">079/6.7.09/8/23.4.09/29.7.09</subfield>
    <subfield code="g">25.00</subfield>
    <subfield code="l">0</subfield>
    <subfield code="o">&#x915; &#x92A;&#x926;&#x94D;&#x92E;&#x928;&#x93E;</subfield>
    <subfield code="p">B-349718</subfield>
    <subfield code="r">2010-01-05 00:00:00</subfield>
    <subfield code="t">1</subfield>
    <subfield code="v">25.00</subfield>
    <subfield code="y">CH</subfield>
  </datafield>
  <datafield tag="952" ind1=" " ind2=" ">
    <subfield code="0">0</subfield>
    <subfield code="1">5</subfield>
    <subfield code="4">0</subfield>
    <subfield code="7">0</subfield>
    <subfield code="8">FIC</subfield>
    <subfield code="a">BL4</subfield>
    <subfield code="b">BL4</subfield>
    <subfield code="d">2010-01-05</subfield>
    <subfield code="e">079/6.7.09/8/23.4.09/29.7.09</subfield>
    <subfield code="g">25.00</subfield>
    <subfield code="l">0</subfield>
    <subfield code="o">&#x915; &#x92A;&#x926;&#x94D;&#x92E;&#x928;&#x93E;</subfield>
    <subfield code="p">B-349719</subfield>
    <subfield code="r">2010-01-05 00:00:00</subfield>
    <subfield code="t">1</subfield>
    <subfield code="v">25.00</subfield>
    <subfield code="y">CH</subfield>
  </datafield>
  <datafield tag="952" ind1=" " ind2=" ">
    <subfield code="0">0</subfield>
    <subfield code="1">5</subfield>
    <subfield code="4">0</subfield>
    <subfield code="7">0</subfield>
    <subfield code="8">FIC</subfield>
    <subfield code="a">RC1</subfield>
    <subfield code="b">RC1</subfield>
    <subfield code="d">2010-01-05</subfield>
    <subfield code="e">079/6.7.09/8/23.4.09/29.7.09</subfield>
    <subfield code="g">25.00</subfield>
    <subfield code="l">0</subfield>
    <subfield code="o">&#x915; &#x92A;&#x926;&#x94D;&#x92E;&#x928;&#x93E;</subfield>
    <subfield code="p">B-349720</subfield>
    <subfield code="r">2010-01-05 00:00:00</subfield>
    <subfield code="t">1</subfield>
    <subfield code="v">25.00</subfield>
    <subfield code="y">CH</subfield>
  </datafield>
  <datafield tag="952" ind1=" " ind2=" ">
    <subfield code="0">0</subfield>
    <subfield code="1">0</subfield>
    <subfield code="2">ddc</subfield>
    <subfield code="4">0</subfield>
    <subfield code="7">0</subfield>
    <subfield code="8">FIC</subfield>
    <subfield code="a">RC3</subfield>
    <subfield code="b">RC3</subfield>
    <subfield code="d">2010-01-05</subfield>
    <subfield code="e">079/6.7.09/8/23.4.09/29.7.09</subfield>
    <subfield code="g">25.00</subfield>
    <subfield code="l">0</subfield>
    <subfield code="o">&#x915; &#x92A;&#x926;&#x94D;&#x92E;&#x928;&#x93E;</subfield>
    <subfield code="p">B-349721</subfield>
    <subfield code="r">2010-01-05 00:00:00</subfield>
    <subfield code="t">1</subfield>
    <subfield code="v">25.00</subfield>
    <subfield code="w">2010-01-05</subfield>
    <subfield code="y">CH</subfield>
  </datafield>
  <datafield tag="952" ind1=" " ind2=" ">
    <subfield code="0">0</subfield>
    <subfield code="1">0</subfield>
    <subfield code="4">0</subfield>
    <subfield code="7">0</subfield>
    <subfield code="8">FIC</subfield>
    <subfield code="a">L</subfield>
    <subfield code="b">L</subfield>
    <subfield code="d">2011-08-10</subfield>
    <subfield code="e">&#x92C;&#x94D;&#x932;&#x94D;&#x92F;&#x942; &#x92C;&#x947;&#x930;&#x940;/6364/25.3.2011/83/21.3.11/31.3.11</subfield>
    <subfield code="g">25.00</subfield>
    <subfield code="l">0</subfield>
    <subfield code="o">&#x915; &#x92A;&#x926;&#x94D;&#x92E;&#x928;&#x93E;</subfield>
    <subfield code="p">B-435598</subfield>
    <subfield code="r">2011-08-10 00:00:00</subfield>
    <subfield code="t">1</subfield>
    <subfield code="v">25.00</subfield>
    <subfield code="w">2011-08-10</subfield>
    <subfield code="y">CH</subfield>
  </datafield>
  <datafield tag="952" ind1=" " ind2=" ">
    <subfield code="0">0</subfield>
    <subfield code="1">0</subfield>
    <subfield code="4">0</subfield>
    <subfield code="7">0</subfield>
    <subfield code="8">FIC</subfield>
    <subfield code="a">BN</subfield>
    <subfield code="b">BN</subfield>
    <subfield code="d">2011-08-10</subfield>
    <subfield code="e">&#x92C;&#x94D;&#x932;&#x94D;&#x92F;&#x942; &#x92C;&#x947;&#x930;&#x940;/6364/25.3.2011/83/21.3.11/31.3.11</subfield>
    <subfield code="g">25.00</subfield>
    <subfield code="l">1</subfield>
    <subfield code="o">&#x915; &#x92A;&#x926;&#x94D;&#x92E;&#x928;&#x93E;</subfield>
    <subfield code="p">B-435599</subfield>
    <subfield code="r">2021-08-14 00:00:00</subfield>
    <subfield code="s">2021-07-24</subfield>
    <subfield code="t">1</subfield>
    <subfield code="v">25.00</subfield>
    <subfield code="y">CH</subfield>
  </datafield>
  <datafield tag="952" ind1=" " ind2=" ">
    <subfield code="0">0</subfield>
    <subfield code="1">5</subfield>
    <subfield code="4">0</subfield>
    <subfield code="7">0</subfield>
    <subfield code="8">FIC</subfield>
    <subfield code="a">ZLS</subfield>
    <subfield code="b">ZLS</subfield>
    <subfield code="d">2011-08-10</subfield>
    <subfield code="e">&#x92C;&#x94D;&#x932;&#x94D;&#x92F;&#x942; &#x92C;&#x947;&#x930;&#x940;/6364/25.3.2011/83/21.3.11/31.3.11</subfield>
    <subfield code="g">25.00</subfield>
    <subfield code="l">0</subfield>
    <subfield code="o">&#x915; &#x92A;&#x926;&#x94D;&#x92E;&#x928;&#x93E;</subfield>
    <subfield code="p">B-435600</subfield>
    <subfield code="r">2011-08-10 00:00:00</subfield>
    <subfield code="t">1</subfield>
    <subfield code="v">25.00</subfield>
    <subfield code="y">CH</subfield>
  </datafield>
  <datafield tag="952" ind1=" " ind2=" ">
    <subfield code="0">0</subfield>
    <subfield code="1">0</subfield>
    <subfield code="4">0</subfield>
    <subfield code="7">0</subfield>
    <subfield code="8">FIC</subfield>
    <subfield code="a">BL3</subfield>
    <subfield code="b">BL3</subfield>
    <subfield code="d">2011-08-10</subfield>
    <subfield code="e">&#x92C;&#x94D;&#x932;&#x94D;&#x92F;&#x942; &#x92C;&#x947;&#x930;&#x940;/6364/25.3.2011/83/21.3.11/31.3.11</subfield>
    <subfield code="g">25.00</subfield>
    <subfield code="l">0</subfield>
    <subfield code="o">&#x915; &#x92A;&#x926;&#x94D;&#x92E;&#x928;&#x93E;</subfield>
    <subfield code="p">B-435601</subfield>
    <subfield code="r">2011-08-10 00:00:00</subfield>
    <subfield code="t">1</subfield>
    <subfield code="v">25.00</subfield>
    <subfield code="w">2011-08-10</subfield>
    <subfield code="y">CH</subfield>
  </datafield>
  <datafield tag="952" ind1=" " ind2=" ">
    <subfield code="0">0</subfield>
    <subfield code="1">5</subfield>
    <subfield code="4">0</subfield>
    <subfield code="7">0</subfield>
    <subfield code="8">FIC</subfield>
    <subfield code="a">BL4</subfield>
    <subfield code="b">BL4</subfield>
    <subfield code="d">2011-08-10</subfield>
    <subfield code="e">&#x92C;&#x94D;&#x932;&#x94D;&#x92F;&#x942; &#x92C;&#x947;&#x930;&#x940;/6364/25.3.2011/83/21.3.11/31.3.11</subfield>
    <subfield code="g">25.00</subfield>
    <subfield code="l">0</subfield>
    <subfield code="o">&#x915; &#x92A;&#x926;&#x94D;&#x92E;&#x928;&#x93E;</subfield>
    <subfield code="p">B-435602</subfield>
    <subfield code="r">2011-08-10 00:00:00</subfield>
    <subfield code="t">1</subfield>
    <subfield code="v">25.00</subfield>
    <subfield code="y">CH</subfield>
  </datafield>
</record>
